000
00260nam a2200109Ia 4500
008
190914s9999||||xx |||||||||||||| ||und||
100
_a
Smith,Edward E.
245
0
_a
Introduction to Psychology
260
_a
Canada
_b
Pearson
_c
2001
300
_a
830
942
_c
BK
999
_c
9805
_d
9805